| 000 | 00630nam a2200181Ia 4500 | ||
|---|---|---|---|
| 008 | 090630s9999 xx 000 0 und d | ||
| 082 | _b16735 | ||
| 100 | _aखांडेकर वि. स. | ||
| 245 |
_aरिकामा देव्हारा. _cखांडेकर वि. स. |
||
| 260 | _bकॉन्टीनेंटल. | ||
| 300 | _a0 | ||
| 600 | _aखांडेकर वि. स. | ||
| 630 | _aरिकामा देव्हारा. | ||
| 655 | _aलघुकथा. | ||
| 700 | _aखांडेकर वि. स. | ||
| 730 | _aरिकामा देव्हारा. | ||
| 942 | _cBOOK | ||
| 999 |
_c268591 _d268591 |
||